MARC

LEADER 00000nam0a2200000 4500
001 301067
005 20231102001350.0
020 |a RU  |b 82-93379 
035 |a (RuTPU)RU\TPU\book\326220 
090 |a 301067 
100 |a 20150723d1982 km y0rusy5003 ca 
101 0 |a rus 
102 |a RU 
105 |a y z 001zy 
200 1 |a Советская Армения  |f К. С. Демирчян 
210 |a Москва  |c Политиздат  |d 1982 
215 |a 136 с. 
225 1 |a В единой братской семье 
320 |a Библиография в ссылках. 
606 1 |a Армения  |x Экономика  |2 stltpush  |3 (RuTPU)RU\TPU\subj\35857  |9 57423 
610 1 |a коммунистическое строительство 
610 1 |a промышленное производство 
610 1 |a экономические показатели 
610 1 |a сельское хозяйство 
610 1 |a культурное строительство 
610 1 |a история 
610 1 |a 20 век 
686 |a У9(5Арм)  |2 rubbk 
700 1 |a Демирчян  |b К. С.  |g Карен Серопович  |4 070 
801 0 |a RU  |b RuMRKP  |c 19950704  |g psbo 
801 1 |a RU  |b 63413507  |c 20150723 
801 2 |a RU  |b 63413507  |c 20190620  |g RCR 
942 |c BK